Nonlinear diffusion equations and their equilibrium states, 3 : proceedings from a conference held August 20-29, 1989, in Gregynog, Wales

Αποθηκεύτηκε σε:
Λεπτομέρειες βιβλιογραφικής εγγραφής
Άλλοι συγγραφείς: Lloyd, N. G. (Επιμελητής έκδοσης)
Μορφή: Βιβλίο
Γλώσσα:English
Δημοσίευση: Boston : Birkhauser, 1992
Σειρά:Progress in nonlinear differential equations and their applications ; ; 7
Θέματα:
Ετικέτες: Προσθήκη ετικέτας
Δεν υπάρχουν, Καταχωρήστε ετικέτα πρώτοι!

MARC

LEADER 00000nam a2200000 i 4500
001 1/82361
008 080415s1992 eng d
020 |a 0-8176-3531-9 
035 |l 10096645 
040 |a GR-MY-UA  |b gre  |e aacr 
041 0 |a eng 
082 0 |a 515.353  |2 (22) 
245 1 0 |a Nonlinear diffusion equations and their equilibrium states, 3 :  |b proceedings from a conference held August 20-29, 1989, in Gregynog, Wales /  |c N.G. Lioyd ... [κ.ά.], editors 
260 |a Boston :   |b Birkhauser,   |c 1992 
300 |a x, 572 σ.;  |b εικ.;  |c 25 εκ. 
490 1 |a Progress in nonlinear differential equations and their applications  |v ; 7 
504 |a Περιέχει βιβλιογραφικές παραπομπές 
650 0 0 |a Differential equations, Partial  |x Congresses. 
650 0 0 |a Differential equations, Nonlinear  |x Congresses. 
650 0 0 |a Diffusion  |x Mathematical models  |x Congresses. 
700 1 |a Lloyd, N. G.  |4 edt 
830 0 |a Progress in nonlinear differential equations and their applications ;  |v ; 7 
852 |a INST  |b SAMOS  |e 20080415  |h 515.353 NON  |p 005300030463  |q 005300030463  |t BK  |y 0 
901 |a BIBL3-2008-1 
909 |a Σ  |b 151932 
922 |a 3ΕΛΗ  |b 200803  |c ΕΠΕΑΕΚ2/ΤΜΗΜΑ ΜΑΘΗΜΑΤΙΚΩΝ  |d ΕΛΕΥΘΕΡΟΥΔΑΚΗΣ 
970 |a ΡΟΥΣΣΟΥ  |b ΚΩΝΣΤΑΝΤΙΝΑ  |z 2008/04/15